| 000 | 00609nam a2200181Ia 4500 | ||
|---|---|---|---|
| 008 | 090124s9999 xx 000 0 und d | ||
| 082 | _b38982 | ||
| 100 | _aफतेहअली लईक | ||
| 245 | _a आपले पर्यावरण | ||
| 250 | _a1 | ||
| 260 |
_b"नॅशनल बुक ट्रस्ट, इंडिया, दिल्ली." _c1999 |
||
| 300 | _a94 | ||
| 600 | _aफतेहअली लईक | ||
| 630 | _a आपले पर्यावरण | ||
| 700 | _aफतेहअली लईक | ||
| 730 | _a आपले पर्यावरण | ||
| 942 | _cBOOK | ||
| 999 |
_c105084 _d105084 |
||